[Event "Master Open"]
[Site "Voronezh"]
[Date "2017.06.13"]
[Round "2.65"]
[White "Kryukov, Denis V"]
[Black "Hart, Alexander"]
[Result "1-0"]
[WhiteElo "2241"]
[BlackElo "1918"]
[Annotator ""]
[Source ""]
[Remark ""]

1.e4 c6 2.d4 d5 3.f3 e6 4.Nc3 Bb4 5.Nge2 Nf6 6.a3 Ba5 7.e5 Ng8
8.Be3 Ne7 9.Qd2 c5 10.dxc5 Nbc6 11.b4 Bc7 12.f4 f6 13.exf6 gxf6
14.Rd1 Nf5 15.Bf2 O-O 16.g4 Nfe7 17.Bg2 f5 18.g5 Qe8 19.O-O Qg6
20.Nb5 Bb8 21.Nbd4 Nd8 22.Nf3 h6 23.h4 Nf7 24.Bd4 Qh5 25.Bf2
Bd7 26.Nh2 hxg5 27.Ng3 Qh7 28.hxg5 Ng6 29.Be1 Bb5 30.Rf3 Nh4
31.Rb3 Bc4 32.Rc3 Nxg5 33.fxg5 f4 34.Ng4 fxg3 35.Rxc4 dxc4 36.Nf6+
Rxf6 37.gxf6 Be5 38.Qg5+ Ng6 39.Bxg3 Bxg3 40.Qxg3 Qh5 41.Rd7
Kh8 42.Be4 1-0

[Event "Master Open"]
[Site "Voronezh"]
[Date "2017.06.13"]
[Round "2.66"]
[White "Grishaev, Igor"]
[Black "Krivtsov, Alexander"]
[Result "1-0"]
[WhiteElo "1931"]
[BlackElo "2240"]
[Annotator ""]
[Source ""]
[Remark ""]

1.d4 f5 2.e4 fxe4 3.f3 Nf6 4.fxe4 Nxe4 5.Bd3 d5 6.Nf3 g6 7.O-O
Bg7 8.c4 O-O 9.cxd5 Qxd5 10.Bxe4 Qxe4 11.Nc3 Qf5 12.Bg5 Rf7 13.Qd2
Qd7 14.Rae1 Nc6 15.d5 Nb4 16.Re4 c5 17.Rfe1 Bxc3 18.bxc3 Nxd5
19.Ne5 Qf5 20.Nxf7 Qxf7 21.c4 Bf5 22.Re5 Nb6 23.Rxe7 Qxc4 24.Bf6
Nd5 25.Qh6 1-0

[Event "Master Open"]
[Site "Voronezh"]
[Date "2017.06.13"]
[Round "2.67"]
[White "Muromtsev, Arthur"]
[Black "Garifullina, Leya"]
[Result "1/2-1/2"]
[WhiteElo "2234"]
[BlackElo "1883"]
[Annotator ""]
[Source ""]
[Remark ""]

1.e4 c5 2.b3 e6 3.Bb2 Nc6 4.Bb5 Qb6 5.Nc3 Nf6 6.Nf3 a6 7.Bxc6
Qxc6 8.e5 Ne4 9.Ne2 h6 10.O-O b5 11.d3 Ng5 12.Ne1 Bb7 13.Ng3
Be7 14.a4 b4 15.f4 Nh7 16.Qe2 O-O-O 17.Ne4 f5 18.Nd6+ Bxd6 19.exd6
Qxd6 20.Bxg7 Rhg8 21.Be5 Qc6 22.Nf3 Nf8 23.Rf2 Ng6 24.Qe3 Ne7
25.Re1 Nd5 26.Qd2 Rde8 27.c4 bxc3 28.Bxc3 d6 29.h3 Rg3 30.Kh2
Reg8 31.Bb2 Nc7 32.Ng5 hxg5 33.Kxg3 gxf4+ 34.Kh2 e5 35.Bxe5 dxe5
36.Rxe5 f3 37.gxf3 Qd6 38.Qf4 Kb8 39.Rxf5 Qxd3 40.Rxc5 Qd8 41.Rc1
Rf8 42.Rd2 Qc8 43.Qg4 Qxg4 44.fxg4 Ne6 45.Rc4 Ng5 46.Rd7 Rf2+
47.Kg3 Rg2+ 48.Kf4 Nxh3+ 49.Ke5 Re2+ 50.Kf6 Rf2+ 51.Kg7 Ng5 52.Re7
Bd5 53.Rb4+ Kc8 54.Rb6 Rf4 55.Rf6 Ne6+ 56.Rfxe6 Bxe6 57.Rxe6
Rxg4+ 58.Kf6 Rb4 59.Re3 Kb7 60.Ke5 1/2-1/2

[Event "Master Open"]
[Site "Voronezh"]
[Date "2017.06.13"]
[Round "2.68"]
[White "Rakshitta, Ravi"]
[Black "Pogorelskikh, Sergey"]
[Result "0-1"]
[WhiteElo "1910"]
[BlackElo "2233"]
[Annotator ""]
[Source ""]
[Remark ""]

1.e4 c5 2.Nf3 Nc6 3.Nc3 e5 4.Bc4 d6 5.d3 Be7 6.h3 Nf6 7.Bg5 Be6
8.Bxf6 Bxf6 9.O-O a6 10.Bd5 Qd7 11.Nd2 b5 12.Kh2 O-O 13.g3 Rac8
14.Bxe6 fxe6 15.f4 g6 16.Qg4 Bg7 17.Nf3 exf4 18.gxf4 Nd4 19.Rac1
b4 20.Nxd4 Bxd4 21.Nd5 Qf7 22.c3 exd5 23.cxd4 dxe4 24.dxe4 Qxa2
25.f5 Qxb2+ 26.Kh1 Qxd4 27.fxg6 Qg7 28.Qe6+ Kh8 29.Qxd6 hxg6
30.Rxf8+ Qxf8 31.Qe5+ Qg7 32.Qe6 Rf8 33.e5 Qb7+ 34.Kg1 Qf3 35.Ra1
Qe3+ 36.Kh1 Qe4+ 37.Kg1 Qd4+ 38.Kh1 Qxa1+ 39.Kg2 Qf1+ 0-1

[Event "Master Open"]
[Site "Voronezh"]
[Date "2017.06.13"]
[Round "2.2"]
[White "Korchmar, Vasiliy"]
[Black "Savchenko, Boris"]
[Result "0-1"]
[WhiteElo "2422"]
[BlackElo "2639"]
[Annotator ""]
[Source ""]
[Remark ""]

1.d4 Nf6 2.c4 g6 3.Nc3 d5 4.Bg5 Ne4 5.Bh4 Nxc3 6.bxc3 dxc4 7.e3
Be6 8.Be2 Nd7 9.Nf3 b5 10.a4 c6 11.Ng5 Bd5 12.e4 h6 13.exd5 hxg5
14.dxc6 gxh4 15.cxd7+ Qxd7 16.axb5 Qxb5 17.Bf3 Rb8 18.Rxa7 Bh6
19.O-O O-O 20.Rxe7 Qa5 21.Qe2 Qxc3 22.Bd5 Qxd4 23.Qxc4 Qf6 24.Rfe1
Bd2 25.Rxf7 Rxf7 26.Rd1 Qxf2+ 27.Kh1 Rbf8 28.Rf1 Qa7 29.Qxh4
Kg7 30.Bxf7 Rxf7 31.Rxf7+ Qxf7 32.Qd4+ Kh7 33.Kg1 Qf4 34.Qxf4
Bxf4 35.g3 Bc7 36.Kg2 Kh6 37.h4 Kh5 38.Kh3 Ba5 39.g4+ Kh6 40.Kg3
Be1+ 41.Kh3 Bf2 42.h5 g5 43.Kg2 Ba7 44.Kf3 Kg7 45.Ke4 Kf6 46.Kd5
Bb8 47.h6 Kg6 48.Ke6 Kxh6 49.Kf5 Bf4 50.Kf6 Bc1 51.Kf7 Kh7 0-1

[Event "Master Open"]
[Site "Voronezh"]
[Date "2017.06.13"]
[Round "2.4"]
[White "Ponomarev, Dmitry"]
[Black "Kryakvin, Dmitry"]
[Result "0-1"]
[WhiteElo "2417"]
[BlackElo "2572"]
[Annotator ""]
[Source ""]
[Remark ""]

1.d4 Nf6 2.c4 g6 3.Nc3 Bg7 4.e4 d6 5.h3 O-O 6.Nf3 c6 7.Be3 Na6
8.Be2 e5 9.d5 cxd5 10.cxd5 Bd7 11.Nd2 Ne8 12.g4 Bf6 13.Nf3 Nec7
14.a3 Qe8 15.b4 Nb5 16.Nxb5 Bxb5 17.Bxb5 Qxb5 18.Qe2 Qd7 19.Kd2
Nc7 20.Rhc1 Bg7 21.g5 Nb5 22.Ne1 Nd4 23.Bxd4 exd4 24.Nd3 Rae8
25.Qg4 Qe7 26.f3 h5 27.Qg2 Rc8 28.Rxc8 Rxc8 29.Rc1 Rc3 30.Rxc3
dxc3+ 31.Kc2 Qc7 32.Nc1 a5 33.Qf1 axb4 34.axb4 Qb6 35.Nd3 Qa7
36.Qb1 Qe3 37.Qd1 Qxg5 38.Qe2 Qg1 39.e5 dxe5 40.d6 Qd4 41.Qe4
Qxd6 42.Qxb7 Qe6 43.Qa8+ Kh7 44.b5 Qb6 45.Qa6 Qe3 46.b6 e4 47.fxe4
Qe2+ 48.Kb3 c2 49.b7 c1Q 0-1

[Event "Master Open"]
[Site "Voronezh"]
[Date "2017.06.13"]
[Round "2.6"]
[White "Domogaev, Sergey"]
[Black "Timofeev, Artyom"]
[Result "0-1"]
[WhiteElo "2411"]
[BlackElo "2561"]
[Annotator ""]
[Source ""]
[Remark ""]

1.d4 Nf6 2.Bf4 g6 3.e3 Bg7 4.Nf3 O-O 5.h3 c5 6.c3 b6 7.a4 Bb7
8.Bd3 Nc6 9.O-O d6 10.Qe2 cxd4 11.Nxd4 Nxd4 12.cxd4 e5 13.Bg5
exd4 14.exd4 h6 15.Bh4 Re8 16.Qd1 g5 17.Bg3 Ne4 18.Bh2 Bxd4 19.Bxe4
Rxe4 20.Nc3 Bxc3 21.bxc3 d5 22.f3 Re6 23.Bg3 Rc8 24.a5 Rxc3 25.axb6
axb6 26.Ra7 Bc6 27.Bc7 Qf8 28.Bxb6 Bb5 29.Bd4 Ra3 30.Rxa3 Qxa3
31.Re1 Qa4 32.Bf2 Qxd1 33.Rxd1 Bc4 34.Rd2 Kh7 35.Bd4 h5 36.Kf2
h4 37.Rb2 Re8 38.Be3 Kg6 39.Rb6+ Kf5 40.Rb2 Ra8 41.g4+ hxg3+
42.Kxg3 Ra3 43.Kf2 d4 44.Bxd4 Kf4 45.Kg2 Bd5 46.Rf2 Bxf3+ 47.Kh2
f5 48.Bb2 Ra5 49.Bc3 Rc5 50.Bb4 Rb5 51.Rb2 Ke4 52.Kg3 Bh5 53.Ba3
f4+ 54.Kf2 Rd5 55.Be7 Kf5 56.Rb6 Rd2+ 57.Kf1 Be8 58.Rf6+ Ke4
59.Rb6 Rd5 60.Rd6 Bb5+ 61.Kf2 Re5 62.Bf6 Rc5 63.Rd2 Bd3 64.Ra2
Kf5 65.Be7 Rd5 66.Rd2 Ke4 67.Rb2 Bb5 68.Rb4+ Kf5 69.Rb2 Bd7 70.Rb6
Rd2+ 71.Kg1 f3 72.Rd6 Rg2+ 73.Kh1 Be6 74.Rd8 Ke5 75.Bd6+ Ke4
76.Re8 Kd5 77.Rd8 Bxh3 78.Bc5+ Ke6 79.Re8+ Kf5 80.Rf8+ Kg4 81.Bb6
Rc2 82.Ba7 Bg2+ 83.Kg1 Rc1+ 84.Kf2 Rf1+ 85.Ke3 Ra1 86.Bd4 Ra2
87.Rf6 Re2+ 88.Kd3 Bf1 89.Kc3 Kg3 90.Rf5 g4 91.Be5+ Kg2 92.Rg5
Re4 93.Bb8 f2 94.Kd2 Bc4 0-1

[Event "Master Open"]
[Site "Voronezh"]
[Date "2017.06.13"]
[Round "2.8"]
[White "Sadovsky, Artem"]
[Black "Pridorozhni, Aleksei"]
[Result "0-1"]
[WhiteElo "2407"]
[BlackElo "2540"]
[Annotator ""]
[Source ""]
[Remark ""]

1.c4 e6 2.g3 d5 3.Bg2 Nf6 4.Nf3 dxc4 5.Qa4+ Nbd7 6.Qxc4 Bd6 7.O-O
O-O 8.Nc3 a6 9.a4 Nb6 10.Qb3 Nbd5 11.d4 a5 12.Re1 Nb4 13.e4 Be7
14.Bf4 b6 15.Nb5 Ne8 16.Rac1 c6 17.Na3 Bb7 18.Ne5 Nf6 19.Rcd1
Ba6 20.Bh3 Kh8 21.Nc2 Bb7 22.Bg2 Kg8 23.Bd2 Nxc2 24.Qxc2 Qc7
25.Nc4 Ba6 26.Bf4 Qb7 27.Rc1 Rfd8 28.Red1 Rac8 29.Qb3 Bb4 30.Bg5
h6 31.Bd2 Rxd4 32.Bxb4 Bxc4 33.Rxc4 Rxd1+ 34.Qxd1 axb4 35.Rxb4
Qc7 36.Rd4 e5 37.Rd3 c5 38.b3 g6 39.Rd6 Kg7 40.h3 Re8 41.Bf1
Re7 42.Bb5 Nxe4 43.Rc6 Qb8 44.Qd3 Nf6 45.Qc3 Qd8 46.a5 bxa5 47.Qxc5
Ne4 48.Qc2 Ng5 49.Qc5 Ne4 50.Qe3 Qd5 51.Rb6 Ng5 52.Bc6 Qd4 53.h4
Ne6 54.Rb5 Qa1+ 55.Kg2 Nd4 56.Rb6 Re6 57.Qe4 Qc3 58.Bd5 Rxb6
59.Qxe5+ Rf6 0-1

[Event "Master Open"]
[Site "Voronezh"]
[Date "2017.06.13"]
[Round "2.10"]
[White "Murtazin, Bulat"]
[Black "Shyam, Sundar M."]
[Result "1/2-1/2"]
[WhiteElo "2403"]
[BlackElo "2535"]
[Annotator ""]
[Source ""]
[Remark ""]

1.d4 Nf6 2.c4 g6 3.f3 Bg7 4.e4 O-O 5.Be3 d6 6.Ne2 c5 7.Qd2 Nc6
8.d5 Ne5 9.Nec3 e6 10.Be2 a6 11.a4 Bd7 12.O-O exd5 13.cxd5 Ne8
14.Na3 f5 15.exf5 gxf5 16.Rae1 Rb8 17.Bg5 Bf6 18.Bxf6 Qxf6 19.a5
b5 20.axb6 Rxb6 21.Nc4 Nxc4 22.Bxc4 Nc7 23.Rf2 Re8 24.b3 Rbb8
25.Rfe2 Nb5 26.Rxe8+ Rxe8 27.Rxe8+ Bxe8 28.Ne2 Bf7 29.Qa5 Nd4
30.Nxd4 Qxd4+ 31.Kf1 Kg7 32.Qc7 Qe5 33.h4 f4 34.h5 h6 35.Qa7
Kf6 36.Qxa6 Bxd5 37.Qa7 Qxh5 38.Qb8 Bxc4+ 39.bxc4 Qe5 40.Qf8+
Kg6 41.Qg8+ Qg7 42.Qe6+ Qf6 43.Qg8+ Kf5 44.Qd5+ Qe5 45.Qf7+ Qf6
46.Qg8 Ke5 1/2-1/2

[Event "Master Open"]
[Site "Voronezh"]
[Date "2017.06.13"]
[Round "2.11"]
[White "Swapnil, S. Dhopade"]
[Black "Bakunts, Rafael"]
[Result "1/2-1/2"]
[WhiteElo "2533"]
[BlackElo "2397"]
[Annotator ""]
[Source ""]
[Remark ""]

1.d4 d5 2.c4 c6 3.Nf3 Nf6 4.g3 dxc4 5.Bg2 g6 6.O-O Bg7 7.a4 Ne4
8.Qc2 Nd6 9.Nbd2 O-O 10.Nxc4 Bf5 11.Qc3 Na6 12.Nce5 Qb6 13.Nd3
Nc7 14.Rd1 Nd5 15.Qa3 a5 16.Bg5 Rfe8 17.Qc5 Qa6 18.Qc1 Bxd3 19.Rxd3
Nb4 20.Re3 e6 21.Bf1 Qb6 22.Rb3 Bxd4 23.Nxd4 Qxd4 24.Rf3 f5 25.Rf4
Qg7 26.Rh4 e5 27.f3 e4 28.Bh6 Qf6 29.Bg5 Qg7 30.Bh6 Qf6 31.Bg5
Qg7 1/2-1/2

[Event "Master Open"]
[Site "Voronezh"]
[Date "2017.06.13"]
[Round "2.12"]
[White "Palachev, Petr"]
[Black "Lintchevski, Daniil"]
[Result "1/2-1/2"]
[WhiteElo "2380"]
[BlackElo "2532"]
[Annotator ""]
[Source ""]
[Remark ""]

1.Nf3 Nf6 2.g3 d5 3.Bg2 c6 4.O-O Bg4 5.h3 Bh5 6.d4 e6 7.c4 Nbd7
8.cxd5 exd5 9.Qb3 Nb6 10.a4 a5 11.Nh4 Bb4 12.Bd2 Bxd2 13.Nxd2
O-O 14.e3 Re8 15.Rfc1 Ra7 16.Qa3 Qe7 17.Qxe7 Rxe7 18.g4 Bg6 19.Nxg6
hxg6 20.Rcb1 Nc8 21.b4 axb4 22.Rxb4 Nd6 23.Nb3 Nd7 24.a5 g5 25.Bf1
g6 26.Rc1 Nb8 27.Rb6 Nd7 28.Rb4 Nb8 29.Rb6 Nd7 30.Rb4 Nb8 31.Rb6
Nc8 32.Rb4 Nd6 33.Rb6 Nd7 34.Rb4 Nb8 35.Rb6 Nc8 36.Rb4 Nd6 37.Rb6
Nd7 38.Rb4 Nb8 39.Rb6 Nc8 40.Rb4 Nd6 1/2-1/2

[Event "Master Open"]
[Site "Voronezh"]
[Date "2017.06.13"]
[Round "2.13"]
[White "Provotorov, Ivan"]
[Black "Moiseenko, Vadim"]
[Result "1/2-1/2"]
[WhiteElo "2368"]
[BlackElo "2528"]
[Annotator ""]
[Source ""]
[Remark ""]

1.d4 Nf6 2.c4 b6 3.f3 Bb7 4.Nc3 d5 5.cxd5 Nxd5 6.e4 Nxc3 7.bxc3
e5 8.Be3 Nd7 9.Bc4 Qh4+ 10.g3 Qh5 11.Qb3 Bd6 12.g4 Qh4+ 13.Bf2
Qf6 14.g5 Qf4 15.h4 f5 16.Bf7+ Kd8 17.Rh3 fxe4 18.Ne2 Qf5 19.Be6
Qg6 20.Bf7 Qf5 21.Be6 Qg6 22.Bf7 Qf5 23.Qd1 1/2-1/2

[Event "Master Open"]
[Site "Voronezh"]
[Date "2017.06.13"]
[Round "2.14"]
[White "Yudin, Sergei"]
[Black "Rodin, Dmitrij"]
[Result "1/2-1/2"]
[WhiteElo "2522"]
[BlackElo "2391"]
[Annotator ""]
[Source ""]
[Remark ""]

1.e4 e5 2.Nf3 Nc6 3.Bc4 Bc5 4.d3 Nf6 5.O-O O-O 6.h3 d6 7.c3 a6
8.a4 h6 9.Re1 Be6 10.Nbd2 Re8 11.a5 d5 12.Bb3 Ba7 13.Ra4 Qd7
14.exd5 Bxd5 15.Ne4 Nxe4 16.dxe4 Be6 17.Qxd7 Bxd7 18.Ra1 Be6
19.Nd2 Rad8 20.Bxe6 Rxe6 21.Nc4 f6 22.Kf1 Re7 23.Be3 Bxe3 24.Nxe3
Red7 25.Nc4 Kf7 26.Ke2 Ke6 27.h4 h5 28.g3 Ne7 29.Rec1 Nc8 30.Rc2
Nd6 31.Nd2 Nb5 32.Nb3 Kd6 33.Ra4 c6 34.Rd2+ Kc7 35.Rxd7+ Rxd7
36.Nc5 Re7 37.Ra1 Nd6 38.Kd3 g6 39.Re1 f5 40.f3 Re8 41.Kc2 Re7
42.exf5 gxf5 43.Nd3 e4 44.Nf4 Re5 45.Nxh5 exf3 46.Rf1 Re3 47.Ng7
Re7 48.Nh5 Re3 49.Ng7 Re7 1/2-1/2

[Event "Master Open"]
[Site "Voronezh"]
[Date "2017.06.14"]
[Round "3.15"]
[White "Lintchevski, Daniil"]
[Black "Provotorov, Ivan"]
[Result "1-0"]
[WhiteElo "2532"]
[BlackElo "2368"]
[Annotator ""]
[Source ""]
[Remark ""]

1.Nf3 d5 2.d4 Nf6 3.c4 c6 4.Nc3 a6 5.e3 b5 6.b3 Bg4 7.a4 b4 8.Ne2
Bxf3 9.gxf3 Nbd7 10.Ng3 h5 11.h4 g6 12.a5 Qb8 13.f4 e6 14.c5
Be7 15.Bd2 Ng4 16.Bd3 Qd8 17.Qe2 Bxh4 18.Bxa6 Bxg3 19.fxg3 Nb8
20.Bd3 Rxa5 21.Rxa5 Qxa5 22.Qxg4 hxg4 23.Rxh8+ Ke7 24.Rxb8 Qa1+
25.Ke2 Qh1 26.Be1 g5 27.Rb7+ Kf8 28.fxg5 e5 29.dxe5 Qg2+ 30.Kd1
Qg1 31.Kd2 d4 32.exd4 Qxd4 33.Kc2 Qxe5 34.Bd2 Ke8 35.Rxb4 Qxc5+
36.Rc4 Qa7 37.Re4+ Kd7 38.Bc3 Qf2+ 39.Be2 c5 40.Bd2 Kc6 41.Bxg4
Qxg3 42.Rf4 Qg1 43.Rf6+ Kd5 44.Bh5 1-0

[Event "Master Open"]
[Site "Voronezh"]
[Date "2017.06.14"]
[Round "3.16"]
[White "Nesterov, Arseniy"]
[Black "Zontakh, Andrey"]
[Result "1/2-1/2"]
[WhiteElo "2382"]
[BlackElo "2528"]
[Annotator ""]
[Source ""]
[Remark ""]

1.d4 Nf6 2.c4 e6 3.Nc3 Bb4 4.e3 O-O 5.Bd3 d5 6.Nf3 c5 7.O-O Nc6
8.cxd5 exd5 9.dxc5 Bxc5 10.h3 a6 11.Ne2 Ne4 12.a3 Qf6 13.Nf4
Rd8 14.Qc2 Bf5 15.Nxd5 Rxd5 16.Bxe4 Re8 17.Bxf5 Rxf5 18.Bd2 Rxf3
19.Qxc5 Rxh3 20.gxh3 Re5 21.Qc3 Rg5+ 22.Kh2 Qf3 23.Rg1 Qxf2+
24.Kh1 Qf3+ 25.Kh2 Qf2+ 26.Kh1 Qf3+ 27.Kh2 Qf2+ 1/2-1/2

[Event "Master Open"]
[Site "Voronezh"]
[Date "2017.06.14"]
[Round "3.17"]
[White "Moiseenko, Vadim"]
[Black "Gunchenko, Vadim"]
[Result "0-1"]
[WhiteElo "2528"]
[BlackElo "2199"]
[Annotator ""]
[Source ""]
[Remark ""]

1.c4 c5 2.Nf3 Nc6 3.Nc3 g6 4.e3 Bg7 5.d4 cxd4 6.exd4 d6 7.Be3
Bg4 8.Be2 Nh6 9.Bxh6 Bxh6 10.d5 Bxf3 11.Bxf3 Ne5 12.Be2 O-O 13.O-O
Rc8 14.b3 Qa5 15.Qe1 Bg7 16.Rc1 f5 17.Kh1 f4 18.f3 a6 19.Qh4
Nf7 20.Ne4 Qxa2 21.Rfe1 Rc7 22.Rb1 Be5 23.Bd3 b5 24.Re2 Qa3 25.c5
dxc5 26.Ng5 Nxg5 27.Rxe5 c4 28.Bxg6 hxg6 29.Rxg5 Rf6 30.Qh6 cxb3
31.Rxg6+ Rxg6 32.Qxg6+ Kf8 33.Qf5+ Ke8 34.Qxf4 Rc4 35.Qb8+ Kf7
36.h3 Rc1+ 37.Kh2 Rxb1 38.Qf4+ Ke8 39.Qb8+ Kd7 40.Qb7+ Kd6 41.Qc6+
Ke5 42.Qc3+ Kxd5 43.Qd3+ Kc5 44.Qxb1 b2 45.Qe4 Qc3 46.f4 Qc1
47.Qxe7+ Kc4 48.Qe6+ Kb4 49.Qd6+ Kb3 50.Qe6+ Qc4 51.Qe3+ Ka4
52.Qe1 Qxf4+ 53.g3 Qc1 54.Qe4+ b4 0-1

[Event "Master Open"]
[Site "Voronezh"]
[Date "2017.06.14"]
[Round "3.18"]
[White "Ovod, Evgenija"]
[Black "Yudin, Sergei"]
[Result "1-0"]
[WhiteElo "2365"]
[BlackElo "2522"]
[Annotator ""]
[Source ""]
[Remark ""]

1.d4 g6 2.c4 Bg7 3.e4 c5 4.d5 d6 5.Nc3 e6 6.Bd3 exd5 7.cxd5 a6
8.a4 Nf6 9.h3 O-O 10.Nf3 Nbd7 11.Bf4 Re8 12.O-O Nh5 13.Bh2 Qf6
14.Qd2 Ne5 15.Be2 Nxf3+ 16.Bxf3 Bd7 17.a5 Qe7 18.Rfe1 Rad8 19.Bxh5
gxh5 20.f4 Bd4+ 21.Kh1 Qf6 22.Qd3 Kh8 23.Re2 Bxc3 24.e5 Bxe5
25.fxe5 dxe5 26.Qc3 Kg8 27.Bxe5 Qg6 28.Re3 h4 29.Rf1 Bf5 30.Qc4
f6 31.Qxh4 fxe5 32.Rg3 Kh8 33.Rxg6 Bxg6 34.Rf6 Kg7 35.Rb6 Rd7
36.Qf6+ Kg8 37.Re6 Rxd5 38.Rxe8+ Bxe8 39.Qe6+ Bf7 40.Qc8+ Kg7
41.Qxb7 Rd6 42.Qc7 Re6 43.Qxc5 e4 44.Qe3 h6 45.Kg1 Be8 46.Kf2
Bb5 47.Qd4+ Kg6 48.Ke3 Bf1 49.Qd5 Kf6 50.g4 Bd3 51.h4 Re5 52.Qd6+
Re6 53.Qf8+ 1-0

[Event "Master Open"]
[Site "Voronezh"]
[Date "2017.06.14"]
[Round "3.19"]
[White "Sergienko, Sergey"]
[Black "Gavrilov, Alexei"]
[Result "1/2-1/2"]
[WhiteElo "2344"]
[BlackElo "2495"]
[Annotator ""]
[Source ""]
[Remark ""]

1.Nf3 d5 2.c4 d4 3.g3 Nc6 4.Bg2 e5 5.d3 Nf6 6.O-O Bd6 7.Na3 O-O
8.Nc2 a5 9.e3 dxe3 10.Bxe3 Ng4 11.Bg5 Be7 12.Bxe7 Qxe7 13.d4
exd4 14.Nfxd4 Nxd4 15.Qxd4 Bf5 16.Rfe1 Qg5 17.Ne3 Nxe3 18.Rxe3
c6 19.Qb6 Rfb8 20.Rae1 Be6 21.Re5 Qd2 22.b3 Qxa2 23.f4 Qd2 24.f5
Bd7 25.g4 h5 26.R5e2 Qg5 27.Re7 Re8 28.Qxb7 Rxe7 29.Qxa8+ Kh7
30.Rxe7 Qxe7 31.Qxa5 Qe3+ 32.Kf1 hxg4 33.Qe1 Qd3+ 34.Kg1 Bxf5
35.Bxc6 g6 36.Bd5 Qd4+ 37.Qf2 Qd1+ 38.Qf1 Qxb3 39.Bxf7 Bd3 40.Qf4
Qd1+ 41.Kf2 g5 42.Bg8+ Kxg8 43.Qxg5+ Kf7 44.Qd5+ Kf6 45.Qd6+
Kg5 46.Qd5+ Kh6 47.Qd6+ Kg5 48.Qd5+ 1/2-1/2

[Event "Master Open"]
[Site "Voronezh"]
[Date "2017.06.14"]
[Round "3.20"]
[White "Raja, Harshit"]
[Black "Belyakov, Bogdan"]
[Result "1/2-1/2"]
[WhiteElo "2350"]
[BlackElo "2476"]
[Annotator ""]
[Source ""]
[Remark ""]

1.Nf3 Nf6 2.g3 g6 3.Bg2 Bg7 4.O-O c5 5.c4 Nc6 6.Nc3 O-O 7.d4
d6 8.dxc5 dxc5 9.Bf4 Be6 10.Ne5 Nh5 11.Nxc6 bxc6 12.Be3 Qa5 13.Bxc6
Rab8 14.Qc2 Bxc4 15.Na4 Bb5 16.Bxb5 Rxb5 17.Rac1 Bd4 18.Bd2 Qc7
19.Qc4 Qb8 20.Rfd1 Bxb2 21.Nxb2 Rxb2 22.Bc3 Rb7 23.Qxc5 Nf6 24.Be5
Qa8 25.Ba1 Rd8 26.Qc6 Rxd1+ 27.Rxd1 Rb8 28.Qc7 Re8 29.f3 a5 30.g4
h6 31.Qf4 Qa6 32.Kf2 Kh7 33.a4 Qb6+ 34.Qe3 Qc6 35.Rd4 e5 36.Rd2
Qxa4 37.Bc3 Qb3 38.Bxa5 Qxe3+ 39.Kxe3 e4 40.Kf4 exf3 41.exf3 1/2-1/2

[Event "Master Open"]
[Site "Voronezh"]
[Date "2017.06.14"]
[Round "3.21"]
[White "Nihal, Sarin"]
[Black "Palachev, Petr"]
[Result "1-0"]
[WhiteElo "2454"]
[BlackElo "2380"]
[Annotator ""]
[Source ""]
[Remark ""]

1.e4 e6 2.d4 d5 3.Nc3 Bb4 4.e5 c5 5.Bd2 Ne7 6.a3 Bxc3 7.Bxc3
b6 8.Bb5+ Bd7 9.Bd3 Nbc6 10.f4 cxd4 11.Bd2 Nf5 12.Nf3 b5 13.Bxf5
exf5 14.Bb4 Qb6 15.Bd6 Na5 16.Qxd4 Qxd4 17.Nxd4 Nc4 18.O-O-O
O-O-O 19.Bb4 Kb7 20.b3 Nb6 21.Ba5 Ka6 22.Bxb6 Kxb6 23.b4 a5 24.Kb2
Be6 25.c3 a4 26.Rd3 g6 27.Kc1 Rc8 28.Kd2 Rb8 29.Ke3 Rbc8 30.Kf3
Rb8 31.Rf1 Kc7 32.Kg3 Kb6 33.Rf2 Rbc8 34.h3 Rcg8 35.Re3 h6 36.Kh4
Rg7 37.Rd2 Rc8 38.Red3 Rc4 39.Rf2 Rc8 40.Rfd2 Rc4 41.Kg3 Rg8
42.Kf3 Rgc8 43.Rc2 Rh8 44.h4 h5 45.Ke2 Rhc8 46.Kd2 R4c7 47.Rg3
Re7 48.Rd3 Rec7 49.Rc1 Rd8 50.Rh1 Re8 51.Rhh3 Rd7 52.Rhg3 Rdd8
53.Nf3 Rc8 54.Rd4 Rc6 55.Ng5 Rd8 56.Nxe6 fxe6 57.Rxg6 Re8 58.Rd3
Kb7 59.Rg7+ Kb6 60.Rh7 Rc4 61.g3 Rec8 62.Rxh5 d4 63.Rh6 dxc3+
64.Kc2 R8c6 65.h5 Re4 66.Rxc3 Re2+ 67.Kd3 Re3+ 68.Kxe3 Rxc3+
69.Kd4 Rxa3 70.Rxe6+ Kb7 71.Kc5 Rc3+ 72.Kxb5 a3 73.Rb6+ Kc7 74.Ra6
Rxg3 75.h6 Rh3 76.h7 Kb7 77.Rxa3 Rxh7 78.e6 Re7 79.Re3 Kc7 80.Kc5
Kd8 81.b5 Rc7+ 82.Kd5 Rb7 83.e7+ Ke8 84.Kc6 Rb8 85.b6 Rc8+ 86.Kb5
Rb8 87.Re5 1-0

[Event "Master Open"]
[Site "Voronezh"]
[Date "2017.06.14"]
[Round "3.22"]
[White "Klimentov, Evgeny"]
[Black "Grishchenko, Sergey"]
[Result "1/2-1/2"]
[WhiteElo "2259"]
[BlackElo "2447"]
[Annotator ""]
[Source ""]
[Remark ""]

1.e4 c6 2.c4 d5 3.exd5 cxd5 4.cxd5 Nf6 5.Nc3 g6 6.Qb3 Bg7 7.g3
O-O 8.Bg2 e6 9.Nge2 exd5 10.d4 Nc6 11.O-O Re8 12.Be3 Na5 13.Qb4
Bd7 14.Bg5 Bc6 15.Nf4 Bf8 16.Bxf6 Bxb4 17.Bxd8 Bxc3 18.Bxa5 Bxa5
19.Nxd5 Re2 20.b4 Bxd5 21.Bxd5 Bxb4 22.Rab1 a5 23.a3 Bxa3 24.Rxb7
Rf8 25.Rfb1 Rd2 26.R1b3 Rxd4 27.Rxa3 Rxd5 28.Ra7 Rc8 29.R7xa5
Rc1+ 30.Kg2 Rxa5 31.Rxa5 Kg7 32.h4 h5 33.Ra6 Kf8 34.Kf3 Ke7 35.Ra7+
Ke6 36.Ra6+ Ke5 37.Ra5+ Kf6 38.Ra6+ Kg7 39.Kg2 Rc3 40.Rb6 Kf8
41.Rb7 1/2-1/2

[Event "Master Open"]
[Site "Voronezh"]
[Date "2017.06.14"]
[Round "3.23"]
[White "Vaishali, R"]
[Black "Murtazin, Bulat"]
[Result "1-0"]
[WhiteElo "2312"]
[BlackElo "2403"]
[Annotator ""]
[Source ""]
[Remark ""]

1.e4 c5 2.Nf3 Nc6 3.Bb5 e6 4.O-O Nge7 5.Nc3 Nd4 6.Nxd4 cxd4 7.Ne2
a6 8.Ba4 b5 9.Bb3 Nc6 10.d3 Bc5 11.f4 Bb7 12.Qe1 Qe7 13.a4 b4
14.a5 g6 15.Kh1 f5 16.c3 fxe4 17.dxe4 d3 18.Ng1 Qd6 19.Nh3 Ne7
20.Be3 Rc8 21.Bxc5 Rxc5 22.cxb4 Rb5 23.Bc4 Rxb4 24.b3 Nc6 25.Rd1
Nxa5 26.Rxd3 Qc5 27.Qc3 Rf8 28.Rfd1 Bc6 29.Qg7 Qe7 30.Qe5 Nxc4
31.bxc4 Rxc4 32.Ng5 Qc5 33.Qb8+ Ke7 34.Qc7 Qb5 35.Qd6+ Ke8 36.Nxe6
Qb4 37.Qc7 Bb5 38.Rxd7 1-0

[Event "Master Open"]
[Site "Voronezh"]
[Date "2017.06.14"]
[Round "3.24"]
[White "Volkov, Sergey"]
[Black "Bykov, Egor"]
[Result "1-0"]
[WhiteElo "2615"]
[BlackElo "2332"]
[Annotator ""]
[Source ""]
[Remark ""]

1.c4 e6 2.Nc3 Nf6 3.e4 c5 4.f4 Nc6 5.Nf3 d5 6.cxd5 exd5 7.e5
Ng4 8.h3 Nh6 9.g4 Be7 10.Bg2 c4 11.d4 cxd3 12.a3 f6 13.exf6 Bxf6
14.Qxd3 d4 15.Ne4 Bh4+ 16.Kd1 O-O 17.Nxh4 Qxh4 18.Ng5 Nxg4 19.Bd5+
Kh8 20.hxg4 Bxg4+ 21.Kc2 1-0

[Event "Master Open"]
[Site "Voronezh"]
[Date "2017.06.14"]
[Round "3.25"]
[White "Nazaretyan, Tigran"]
[Black "Rozum, Ivan"]
[Result "1/2-1/2"]
[WhiteElo "2328"]
[BlackElo "2599"]
[Annotator ""]
[Source ""]
[Remark ""]

1.d4 Nf6 2.c4 e6 3.Nc3 Bb4 4.e3 b6 5.Nge2 Ba6 6.a3 Bxc3+ 7.Nxc3
d5 8.b3 O-O 9.a4 Nc6 10.Ba3 Re8 11.Be2 Na5 12.Rc1 dxc4 13.b4
Nb3 14.Rb1 Qc8 15.b5 Bb7 16.Bxc4 Na5 17.Bd3 e5 18.dxe5 Rxe5 19.O-O
Qe6 20.Qe2 Re8 21.Rfe1 Rh5 22.f4 Rh4 23.g3 Rg4 24.e4 h5 25.Kf2
h4 26.Nd5 hxg3+ 27.hxg3 Bxd5 28.exd5 Qxe2+ 29.Rxe2 Rxe2+ 30.Kxe2
Rxg3 31.d6 cxd6 32.Rc1 g6 33.Bxd6 Nd5 34.Rc8+ Kg7 35.Bc2 Kf6
36.Kf2 Rh3 37.Be4 Ne3 38.Be5+ Ke6 39.Bf3 Nac4 40.Rc6+ Kd7 41.Rc7+
Ke6 42.Rc6+ Kd7 43.Rc7+ Ke6 44.Rc6+ 1/2-1/2

[Event "Master Open"]
[Site "Voronezh"]
[Date "2017.06.14"]
[Round "3.26"]
[White "Ovchinnikov, Vsevolod"]
[Black "Bocharov, Dmitry"]
[Result "1/2-1/2"]
[WhiteElo "2325"]
[BlackElo "2579"]
[Annotator ""]
[Source ""]
[Remark ""]

1.Nf3 c5 2.c4 Nc6 3.Nc3 g6 4.g3 Bg7 5.Bg2 d6 6.d3 e6 7.O-O Nge7
8.Bd2 O-O 9.a3 b6 10.Rb1 Bb7 11.b4 Qd7 12.e3 Rac8 13.Qa4 Ba8
14.Rfd1 Rfd8 15.Qb3 h6 16.Ne2 g5 17.h3 Ne5 18.Nxe5 dxe5 19.Bxa8
Rxa8 20.bxc5 bxc5 21.Ba5 Rdc8 22.Qb7 Qd6 23.Nc3 Nc6 24.Ne4 Qf8
25.Bc7 Nd8 26.Bd6 Nxb7 27.Bxf8 Rc7 28.Bxg7 Kxg7 29.Rb5 Rd8 30.Rdb1
Rdd7 31.Kf1 f5 32.Nc3 Nd6 33.Rb8 e4 34.dxe4 Nxc4 35.Kg2 Nxa3
36.Re1 c4 37.exf5 exf5 38.Rb4 Rb7 39.Ra4 Rb3 40.Ne2 Nb5 41.Rxc4 1/2-1/2

[Event "Master Open"]
[Site "Voronezh"]
[Date "2017.06.14"]
[Round "3.27"]
[White "Rychagov, Andrey"]
[Black "Tsoi, Dmitry"]
[Result "1-0"]
[WhiteElo "2556"]
[BlackElo "2326"]
[Annotator ""]
[Source ""]
[Remark ""]

1.d4 Nf6 2.c4 e6 3.Nf3 Bb4+ 4.Bd2 Qe7 5.g3 Nc6 6.Nc3 a5 7.Bg2
d6 8.O-O e5 9.Nd5 Nxd5 10.cxd5 Nxd4 11.Nxd4 Bxd2 12.Qxd2 exd4
13.Qxd4 O-O 14.e3 a4 15.Rac1 b6 16.Rc3 Ra7 17.Rfc1 Qd8 18.Rc4
Bd7 19.Qc3 Qa8 20.h4 Rc8 21.h5 h6 22.Bf3 f6 23.Qc2 Qb7 24.Qg6
f5 25.e4 b5 26.R4c2 Qb6 27.exf5 Rf8 28.Be4 Rf6 29.Qg4 b4 30.Qf3
Qd4 31.Rxc7 Qxb2 32.Rxa7 Qxc1+ 33.Kh2 Qc8 34.g4 Bb5 35.Qe3 Qc5
36.Ra5 Qxe3 37.fxe3 Bd7 38.Bc2 a3 39.Bb3 Rf7 40.Ra6 Bc8 41.Rxd6
Rc7 42.Rd8+ Kh7 43.d6 1-0